Paradoxy ziskovosti
Ziskovosť ako zmysel podnikania. Nie je zisk ako zisk. Krehkosť záujmov a ziskovosť. Výnosovo nákladová a príjmovo výdavková disparita. Bumerangy ziskovej megalomanie. Hodnota duševného vlastníctva. Od ziskovosti k prosperite.
Salvato in:
| Autore principale: | |
|---|---|
| Natura: | Capitolo di libro |
| Lingua: | ceco |
| Soggetti: | |
| Tags: |
Nessun Tag, puoi essere il primo ad aggiungerne!!
|
MARC
| LEADER | 00000naa a2200000 4500 | ||
|---|---|---|---|
| 001 | 0147539 | ||
| 005 | 20231211073325.8 | ||
| 041 | 0 | |a cze | |
| 044 | |a CZ | ||
| 245 | 1 | 0 | |a Paradoxy ziskovosti |c Endre Tóth |
| 520 | |a Ziskovosť ako zmysel podnikania. Nie je zisk ako zisk. Krehkosť záujmov a ziskovosť. Výnosovo nákladová a príjmovo výdavková disparita. Bumerangy ziskovej megalomanie. Hodnota duševného vlastníctva. Od ziskovosti k prosperite. | ||
| 610 | 2 | 0 | |a zisk |
| 610 | 2 | 0 | |a príjmy |
| 610 | 2 | 0 | |a výdavky |
| 610 | 2 | 0 | |a výdavky daňové |
| 610 | 2 | 0 | |a dane |
| 610 | 2 | 0 | |a vlastníctvo duševné |
| 610 | 2 | 0 | |a riadenie podnikové |
| 610 | 2 | 0 | |a prosperita ekonomická |
| 100 | 1 | |a Tóth, Endre | |